[Event "70th RUS-ch Women Higher League 2020"]
[Site "Sochi"]
[Date "2020.10.08"]
[Round "1.1"]
[White "Gunina, Valentina"]
[Black "Getman, Tatyana"]
[Result "1-0"]
[WhiteElo "2431"]
[BlackElo "2271"]
[Annotator "TA"]
[PlyCount "82"]
[EventDate "2020.10.08"]
[EventType "swiss"]
[EventCountry "RUS"]
[SourceTitle "playchess.com"]
[Source "ChessBase"]
[SourceQuality "1"]

{[%evp 11,82,8,24,14,29,-11,-10,-22,-14,-18,-4,-38,0,0,0,0,6,8,11,11,26,19,17,0,0,0,0,0,0,0,19,10,45,42,35,33,35,41,37,44,83,68,72,82,135,135,143,136,276,283,303,271,272,208,247,250,216,228,206,214,206,202,370,361,367,357,406,390,523,493,29998,29999,29999]} 1. d4 Nf6 2. c4 e6 3. Nf3 d5 4. Nc3 Bb4 5. cxd5 exd5 6. Bf4 Nbd7 7. Qb3 {was the old line (7.e3). D35: Queen's Gambit Declined: Exchange Variation.} c5 8. a3 Bxc3+ 9. Qxc3 {The position is equal.} Ne4 10. Qc2 {[#]} c4 $146 ({Predecessor:} 10... O-O 11. e3 Re8 12. Bd3 Qa5+ 13. b4 cxb4 14. O-O bxa3 15. Rfb1 Qd8 16. Rxa3 Ndf6 {½-½ (44) Robatsch,K (2410)-Lobron,E (2575) Ptuj 1995}) 11. e3 Qa5+ 12. Nd2 $1 Nb6 13. f3 Nxd2 14. Qxd2 Qxd2+ 15. Kxd2 Na4 16. e4 Be6 17. b3 cxb3 18. exd5 Bxd5 19. Bb5+ Bc6 20. Rhe1+ Kd7 21. Bc4 $36 {[%mdl 2048] White wants to play d5. White has the initiative.} Nb6 22. Bxb3 Bd5 23. Rab1 Bxb3 24. Rxb3 Rac8 25. Kd3 f6 26. Bg3 h5 27. h4 Rh6 (27... Rhe8 $142) 28. Bf4 $16 Rh7 29. Rb5 Kc6 {Loses the game.} (29... g6 $16 {was called for.} 30. Ra5 Kd8 31. Rxa7 Nd5) 30. Ra5 $18 {[#] Threatens to win with Re7!} Kd7 31. Rxa7 Nd5 32. Bd2 Rb8 33. Rb1 Kc6 34. Rc1+ Kd6 35. Ra5 {[#] Black must now prevent Rcc5.} b6 36. Ra7 Rhh8 $2 (36... Rd8 37. Bb4+ Ke6 38. Rc6+ Kf5) 37. Bb4+ Nxb4+ 38. axb4 {[%cal Ba3b4,Bb4b5][%mdl 32]} g5 39. b5 {White threatens Rc6+ and mate.} Ke6 40. hxg5 fxg5 (40... Kf5 $18 41. gxf6 Kxf6 42. Rc6+ Kg5 43. Rg7+ Kf5) 41. Rc6+ Kd5 {Accuracy: White = 88%, Black = 53%.} 1-0

[Event "70th RUS-ch Women Higher League 2020"]
[Site "Sochi"]
[Date "2020.10.08"]
[Round "1.2"]
[White "Potapova, Margarita"]
[Black "Bodnaruk, Anastasia"]
[Result "1-0"]
[WhiteElo "2270"]
[BlackElo "2428"]
[Annotator "TA"]
[PlyCount "143"]
[EventDate "2020.10.08"]
[EventType "swiss"]
[EventCountry "RUS"]
[SourceTitle "playchess.com"]
[Source "ChessBase"]
[SourceQuality "1"]

{[%evp 13,143,29,33,40,43,43,48,41,40,30,68,33,43,28,63,56,68,63,95,92,92,91,98,85,87,84,105,84,91,85,98,99,107,75,109,67,75,27,25,28,27,15,25,21,31,20,45,13,11,20,30,31,20,19,97,97,97,97,97,97,97,97,97,94,99,99,99,97,97,97,97,0,97,97,97,97,97,97,58,58,58,58,68,68,86,66,69,61,97,97,97,97,97,0,97,97,97,97,98,97,227,193,270,262,270,272,325,320,612,608,775,769,735,624,588,537,1093,1085,1076,1021,1079,1071,1460,868,2225,0,1510,1490,29985,29986,29986,716]} 1. d4 Nf6 2. c4 g6 3. Nc3 Bg7 4. e4 d6 5. h3 O-O 6. Be3 e5 7. d5 Na6 8. g4 {E71: King's Indian: 4 e4 d6 5 h3.} c6 9. Nge2 cxd5 10. cxd5 {White is slightly better.} h5 11. f3 Nh7 12. Qd2 Bd7 13. Nc1 f5 14. gxf5 gxf5 15. Nd3 {[#]} Kh8 $146 ({Predecessor:} 15... Qh4+ 16. Kd1 fxe4 17. fxe4 Kh8 18. Rc1 Nc7 19. Rg1 Nb5 20. Nxb5 Bxb5 21. Rc7 Qxe4 {½-½ (61) Lyukmanov,V (2437)-Parshin,V (2400) ICCF email 2017}) 16. O-O-O f4 17. Bf2 Nc7 18. h4 Bf6 19. Kb1 Qb8 20. Bh3 Bxh3 21. Rxh3 Rg8 22. Rhh1 Qc8 23. Qe2 Qd7 24. Qf1 (24. Qc2 {with more complications.} Nf8 25. Qb3 b5 26. Rc1 Ng6 27. Nb4) 24... Nf8 25. Qh3 (25. Rc1 {keeps more tension.} a5 26. Qd1 b5 27. Qb3 Rb8 28. Na4) 25... Qxh3 26. Rxh3 Nd7 27. Rhh1 a6 28. Rc1 Rac8 29. a4 Kg7 30. Kc2 Kf7 31. Kd2 Na8 32. Ke2 Nab6 33. b3 Nc5 {[#]} (33... Be7 $11) 34. Nxc5 $1 $16 dxc5 35. a5 Nd7 36. Na4 Be7 37. Rc2 Rg2 38. Nb2 Bd6 39. Nc4 Be7 40. Kd3 Rcg8 41. Re2 R8g6 42. Rc2 (42. Rd2 $16) 42... Bd8 (42... Rg8 $11) 43. Ke2 Be7 44. Kf1 Rg8 45. Re2 R2g6 46. Be1 Bd8 47. Bc3 Bc7 48. Rd2 Bd6 49. Rf2 Ke7 50. Ke2 Rg1 51. Rxg1 Rxg1 52. Rf1 Rg2+ 53. Rf2 Rg1 $1 54. Be1 {White stays focused until the end.} Bc7 55. Rh2 Rg8 56. Kf1 Bd8 (56... Rg6 $16) 57. Rc2 Bc7 (57... Kf6 $142 58. Rb2 Be7) 58. b4 $18 cxb4 59. Bxb4+ Kf6 60. Bd6 Bd8 $2 (60... Bb8 61. Rb2 Bxd6) 61. Rb2 Kf7 62. Rxb7 Ke8 63. Bxe5 Bxh4 64. Bxf4 Rf8 65. Nd6+ Kd8 66. Nf5 Bf6 67. Ra7 {Ra8+ would kill now.} Kc8 68. Bd6 Rh8 69. Bf4 Rf8 70. Bc7 {[%cal Rf5d6]} Nb8 71. Nd6+ Kd7 72. Bxb8+ {Accuracy: White = 85%, Black = 61%.} (72. e5 $142 Bxe5 73. Bxb8+ {[%mdl 64] Discovered Attack} Kd8 74. Nb7+ {[%mdl 64] Discovered Attack} Ke8 75. Bxe5 Rxf3+ {[#]} 76. Ke2 $1 {[%mdl 512]} Ra3 77. Nd6+ Kf8 78. Ne4) 1-0

[Event "70th RUS-ch Women Higher League 2020"]
[Site "Sochi"]
[Date "2020.10.08"]
[Round "1.3"]
[White "Bivol, Alina"]
[Black "Yakimova, Mariya"]
[Result "0-1"]
[WhiteElo "2393"]
[BlackElo "2269"]
[Annotator "TA"]
[PlyCount "142"]
[EventDate "2020.10.08"]
[EventType "swiss"]
[EventCountry "RUS"]
[SourceTitle "playchess.com"]
[Source "ChessBase"]
[SourceQuality "1"]

{[%evp 16,142,19,17,38,23,79,25,68,63,112,0,0,0,0,2,11,11,80,65,83,65,88,73,63,13,67,60,55,15,33,26,41,31,68,53,107,87,143,127,116,110,158,137,152,147,150,114,116,100,121,64,66,65,116,116,121,59,75,38,53,49,77,66,83,40,61,10,10,11,20,2,15,0,0,0,0,0,0,0,0,0,0,0,0,0,0,0,0,0,0,0,0,-7,-8,-108,-53,-391,-372,-437,-426,-387,-379,-429,-425,-635,-628,-584,-547,-588,-120,-665,-582,-1064,-1061,-1093,-1064,-29966,-29966,-2847,-1770,-29975,-29977,-12842,-29975,-29974,-29964,-6099,-5193]} 1. e4 c5 2. Nf3 Nc6 3. Bb5 d6 4. O-O Bd7 5. Re1 Nf6 6. c3 a6 7. Bf1 Bg4 8. d4 cxd4 9. cxd4 Bxf3 {B51: Sicilian: Moscow Variation (3 Bb5+) without 3...Bd7.} 10. gxf3 e5 (10... d5 $11 {remains equal.}) 11. Be3 (11. d5 $16 Nd4 12. Be3) 11... Be7 {White has an edge.} 12. d5 Nb8 {[#]} 13. f4 $146 (13. Qb3 $16) ({Predecessor:} 13. Qb3 b5 14. a4 bxa4 15. Rxa4 O-O 16. Nd2 Nh5 17. Nc4 Bg5 18. Qb6 Bxe3 19. fxe3 Qg5+ 20. Bg2 f5 21. Qxd6 fxe4 22. Nxe5 exf3 23. Qe6+ {1-0 (23) Tekeyev,Z (2392)-Oganian,M (2435) Sochi 2018}) 13... exf4 $11 14. Bxf4 {Strongly threatening e5.} Nbd7 15. Nd2 {With the idea Nc4.} O-O 16. Nc4 $36 {[%mdl 2048] White has good play.} Qb8 (16... Re8 $11) 17. Bg3 Re8 18. Rc1 {[%cal Ba1c1,Bc1c3,Bc3e3,Be3e2][%mdl 32]} Bf8 19. Bh3 a5 20. Nd2 {[%cal Bc4d2,Bd2b3,Bb3d4][%mdl 32]} Ne5 ({Black should try} 20... Qd8 $11) 21. Nb3 Qa7 22. Rc3 b5 23. Nd4 b4 24. Rce3 Qb6 25. Kg2 h5 (25... g6 $14) 26. f4 $16 Neg4 (26... Ng6 $142) 27. Bxg4 Nxg4 28. R3e2 g6 29. Nc6 Rac8 30. h3 Nf6 31. Bf2 Qa6 32. Bd4 Bg7 33. a3 ({Better is} 33. f5 $16) 33... bxa3 $14 34. bxa3 h4 (34... Nd7 $14) 35. Bxf6 $16 Bxf6 36. Qd2 (36. Qc2 $16) 36... a4 $14 37. Qb4 Rxc6 38. dxc6 {Hoping for Qb7.} Qxc6 {White must now prevent ...Bc3.} 39. Rd1 Re6 40. Rd3 Bg7 41. Kf2 (41. Rdd2 $14) 41... Qc1 $11 42. e5 dxe5 43. fxe5 ({But not} 43. Rd8+ $2 Kh7 $19) 43... Qg5 44. Qb8+ Kh7 45. Rf3 Kh6 {[%cal Rg7e5]} ({Much weaker is} 45... Rxe5 $6 46. Rxe5 Bxe5 47. Rxf7+ Bg7 48. Qf4 $16) 46. Qb4 Bxe5 {And now ...Bg3+ would win.} 47. Qd2 Bg3+ 48. Kf1 Qxd2 49. Rxd2 {[%mdl 4096] Endgame KRR-KRB} Re1+ 50. Kg2 f5 51. Rd4 Re2+ 52. Kg1 $1 Kg5 53. Rxa4 Re1+ 54. Rf1 {Threatens to win with Rxe1.} Re3 55. Ra6 (55. Rd1 $11 {keeps the balance.}) 55... Be5 $17 56. Kf2 $2 {[%mdl 8192]} (56. Ra5 $15) 56... Rxh3 $19 57. Rg1+ {[#]} Bg3+ $1 58. Kf3 Rh2 59. Rg2 {[#] Black should prevent Rxh2.} Rh1 $1 60. Re2 (60. Rc2 $142 Kh5 61. Ra8) 60... Kh5 61. Rf6 Rb1 62. Ree6 Rb3+ $2 (62... Rf1+ $19 {and Black stays clearly on top.} 63. Ke2 Rf2+ 64. Kd3 g5) 63. Ke2 $2 {[%mdl 8192]} (63. Re3 $17 Rb1 64. a4) 63... Rb2+ 64. Ke3 f4+ 65. Ke4 g5 66. Rb6 Rxb6 67. Rxb6 h3 68. a4 h2 69. Rb1 Kg4 70. a5 Bf2 71. Rh1 Kg3 {Never resign too early! Accuracy: White = 47%, Black = 77%.} 0-1

[Event "70th RUS-ch Women Higher League 2020"]
[Site "Sochi"]
[Date "2020.10.08"]
[Round "1.4"]
[White "Schepetkova, Margarita"]
[Black "Kovalevskaya, Ekaterina"]
[Result "1-0"]
[WhiteElo "2257"]
[BlackElo "2384"]
[Annotator "TA"]
[PlyCount "63"]
[EventDate "2020.10.08"]
[EventType "swiss"]
[EventCountry "RUS"]
[SourceTitle "playchess.com"]
[Source "ChessBase"]
[SourceQuality "1"]

{[%evp 23,63,31,53,42,43,53,118,131,126,130,138,123,125,139,135,59,140,79,97,1,23,12,105,102,116,81,99,106,106,106,103,89,99,105,164,0,1208,1177,29990,29990,29995,29996]} 1. d4 Nf6 2. c4 e6 3. g3 d5 4. Bg2 c5 5. cxd5 exd5 6. Nf3 Nc6 7. O-O Be7 8. Nc3 O-O 9. Bg5 c4 10. Ne5 Be6 11. Nxc6 bxc6 12. b3 Qa5 13. Qd2 {Hoping for Nxd5. D34: Tarrasch Defence: 6 g3 Nf6 7 Bg2 Be7.} Rad8 14. Rfd1 {[#]} Qa3 $146 (14... Qa6 $14) ({Predecessor:} 14... Bb4 15. Bxf6 gxf6 16. Rac1 c5 17. Qe3 Rfe8 18. Qf3 cxb3 19. axb3 cxd4 20. Na4 f5 21. Rxd4 {½-½ (36) Saduakassova,D (2505)-Kovalevskaya,E (2407) Moscow 2019}) 15. bxc4 $16 {White is better.} dxc4 16. Bxc6 h6 {[#]} 17. Bxf6 $1 Bxf6 {[#]} 18. e3 $1 Be7 19. Qc1 ({White should play} 19. Qc2 $16) 19... Qa5 (19... Rb8 $14) 20. a4 (20. Qc2 $142) 20... Rb8 21. d5 ({White should try} 21. Qc2 $16) 21... Bf5 $1 $11 22. e4 Rb3 (22... Bg4 $11 {keeps the balance.} 23. Rd4 Qc5) 23. exf5 $16 Rxc3 24. Qf4 Bf6 25. Rab1 {[%cal Ba1b1,Bb1b5,Bb5b8][%mdl 32]} Qc5 26. Rb5 Qa3 27. Kg2 Rd3 28. Re1 {aiming for Rb8.} Qc3 (28... c3 $16 {was called for.}) 29. Re4 $2 ({Better is} 29. Rc1 $18 Rd4 30. Rxc3 Rxf4 31. Rc2 (31. gxf4 Bxc3 32. Rc5 Bb4 $16)) 29... Rd4 $2 {[%mdl 8192]} (29... Rd1 $11 30. Qe3 (30. Rxc4 $2 Qd3 $19) 30... Qa1) 30. Rb8 $18 {Intending Rxf8+ and mate.} g5 31. fxg6 Rxe4 {[#]} 32. Qxh6 $1 {[%mdl 512] Accuracy: White = 65%, Black = 46%.} 1-0

[Event "70th RUS-ch Women Higher League 2020"]
[Site "Sochi"]
[Date "2020.10.08"]
[Round "1.5"]
[White "Guseva, Marina"]
[Black "Lysenko, Margarita"]
[Result "1/2-1/2"]
[WhiteElo "2377"]
[BlackElo "2239"]
[Annotator "TA"]
[PlyCount "27"]
[EventDate "2020.10.08"]
[EventType "swiss"]
[EventCountry "RUS"]
[SourceTitle "playchess.com"]
[Source "ChessBase"]
[SourceQuality "1"]

{[%evp 14,27,14,4,0,0,0,0,0,0,0,0,0,0,0,0]} 1. d4 d5 2. c4 c6 3. Nc3 Nf6 4. Nf3 a6 5. cxd5 cxd5 6. Bf4 Nc6 7. e3 {7.Rc1 is the fancy move.} Bg4 8. Rc1 {The position is equal.} e6 {D13: Slav Defence: Exchange variation without ...Bf5.} 9. Qb3 Bxf3 $1 10. gxf3 {[#]} Na5 $146 ({Predecessor:} 10... Ra7 11. Be2 Bd6 12. Bg3 O-O 13. O-O Na5 14. Qc2 Ra8 15. Na4 Bxg3 16. hxg3 Rc8 17. Qd3 Nc4 18. b3 Nd6 19. Qd2 Qe7 20. Nb6 Rc7 {½-½ (39) Grigorian,S (2370)-Ahmadinia,E (2469) Germany 2020}) 11. Qa4+ Nc6 $1 12. Qb3 Na5 13. Qa4+ Nc6 $1 14. Qb3 {An uneventful encounter.} 1/2-1/2

[Event "70th RUS-ch Women Higher League 2020"]
[Site "Sochi"]
[Date "2020.10.08"]
[Round "1.6"]
[White "Paramzina, Anastasya"]
[Black "Gritsayeva, Oksana"]
[Result "0-1"]
[WhiteElo "2237"]
[BlackElo "2373"]
[Annotator "TA"]
[PlyCount "130"]
[EventDate "2020.10.08"]
[EventType "swiss"]
[EventCountry "RUS"]
[SourceTitle "playchess.com"]
[Source "ChessBase"]
[SourceQuality "1"]

{[%evp 11,130,33,35,33,44,50,50,55,45,33,63,58,65,41,39,40,43,29,30,35,29,47,45,11,58,23,23,26,29,16,66,4,5,0,77,28,51,37,20,0,107,108,112,4,44,0,0,0,20,0,0,-16,30,0,0,0,0,-8,0,0,0,0,0,0,0,-8,-23,-45,-44,-50,-35,-16,-26,-31,0,0,0,0,0,0,0,0,0,0,0,0,0,0,0,-18,-20,-24,-16,-21,0,0,0,0,0,-74,-31,-31,0,-207,-200,-196,-196,-235,-219,-213,-137,-180,-155,-789,-774,-1329,-1379,-1195,-1237,-1122,-916]} 1. e4 e6 2. d4 d5 3. Nd2 Nc6 4. Ngf3 Nf6 5. e5 Nd7 6. Nb3 Be7 7. Bf4 {C04: French Tarrasch: 3...Nc6.} a5 8. a4 b6 9. h4 {White is slightly better.} h6 10. h5 {[#]} Ndb8 $146 ({Predecessor:} 10... Na7 11. Nfd2 c5 12. Qg4 Kf8 13. Nf3 Nc6 14. c3 Kg8 15. Bb5 Qc7 16. Rh3 c4 {1-0 (23) Jones,G (2691)-Schwabeneder,F (2458) Germany 2019}) 11. c3 Ba6 12. Nfd2 Bg5 13. Bg3 Bxd2+ 14. Nxd2 Ne7 15. f4 Bxf1 16. Nxf1 {[%cal Bd2f1,Bf1e3,Be3c2][%mdl 32]} c5 17. Bf2 Nd7 18. Qg4 O-O 19. Ne3 cxd4 20. cxd4 Qc8 21. O-O (21. Bh4 $1 $14 f5 22. Qe2) 21... f5 $11 22. Qe2 (22. Qd1 {is more complex.} Nb8 23. Nc2 Nbc6 24. Be1 Qd7 25. Rf3) 22... Nc6 (22... Nb8 $1 $11 {remains equal.}) 23. Nc2 Qb7 24. Na3 Na7 $1 25. Nb5 Qa6 (25... Nxb5 $11 26. Qxb5 Rfc8) 26. Rac1 $16 {Hoping for Rc7.} Rac8 {[#]} 27. Be3 ({White should play} 27. Rxc8 $1 $16 Rxc8 28. g4) 27... Nxb5 $11 28. axb5 Qb7 29. Qd3 Rfe8 30. Bd2 Nf8 31. Qb3 Kf7 32. Qf3 Qd7 33. Qd3 Red8 34. Be3 Kg8 35. Kf2 Qe8 36. Qe2 Rxc1 37. Rxc1 Rc8 38. Rxc8 Qxc8 39. Qd3 Qe8 40. Qe2 g6 41. hxg6 Nxg6 42. Kg1 Ne7 43. Bf2 Nc8 44. Qc2 Qd7 $1 45. g4 Na7 46. gxf5 exf5 47. Qe2 {Strongly threatening e6.} Nxb5 48. e6 Qg7+ 49. Kf1 Nd6 50. e7 {Black must now prevent Qe6+.} Kf7 51. Bh4 Qg6 {And now ...Qe6 would win.} 52. Qe5 Ke8 53. Qxd5 Kd7 $1 54. Qa8 {Threatens to win with d5.} Qh5 {Black wants to play ...Qd1+.} 55. d5 (55. Qa7+ $11 Ke6 56. Qxb6) 55... Qd1+ 56. Kg2 {[%csl Ge7,Gh4][%cal Ra8d8]} Qe2+ 57. Kg1 $2 (57. Bf2 $11 {and White has nothing to worry.} Kxe7 58. Qc6 Qg4+ 59. Bg3) 57... Qg4+ $19 {[%mdl 64] [#] Double Attack} 58. Kf1 {[%csl Ge7,Gh4][%cal Ra8d8]} Qxf4+ 59. Kg2 {[%csl Ge7,Gh4][%cal Ra8d8]} Qe4+ 60. Kf1 {[%csl Ge7,Gh4][%cal Ra8d8]} Qb1+ ({Don't take} 60... Qh1+ 61. Ke2 $17) 61. Kg2 {[%csl Ge7,Gh4][%cal Ra8d8]} Qxb2+ 62. Kf1 $2 {White does not recover from this.} (62. Bf2 $17 Kxe7 63. Qc6) 62... Qc1+ {Black is clearly winning.} 63. Kg2 Qc8 64. Qa7+ Qb7 65. Qxb7+ Nxb7 {Accuracy: White = 70%, Black = 80%.} 0-1

[Event "70th RUS-ch Women Higher League 2020"]
[Site "Sochi"]
[Date "2020.10.08"]
[Round "1.7"]
[White "Ovod, Evgenija"]
[Black "Grigorieva, Yulia"]
[Result "0-1"]
[WhiteElo "2372"]
[BlackElo "2237"]
[Annotator "TA"]
[PlyCount "62"]
[EventDate "2020.10.08"]
[EventType "swiss"]
[EventCountry "RUS"]
[SourceTitle "playchess.com"]
[Source "ChessBase"]
[SourceQuality "1"]

{[%evp 9,62,17,20,0,0,-36,52,58,46,76,83,82,100,90,102,57,50,62,52,20,137,0,0,0,0,0,11,0,-5,-163,-172,-257,-223,-420,-377,-537,-370,-786,-580,-557,-572,-728,-718,-686,-706,-736,-729,-2618,-2177,-29983,-29984,-29994,-29992,-29992,-29993]} 1. e4 Nc6 2. d4 d5 3. e5 Bf5 4. Ne2 e6 5. Ng3 Bg6 6. h4 {B00: Queen's Fianchetto Defence, Nimzowitsch Defence.} h5 7. Be2 Be7 ({Black should play} 7... Nb4 $15 8. Bb5+ c6) 8. Nxh5 $14 {White is slightly better.} Bxh5 9. Bxh5 g6 10. Be2 Rxh4 11. Rxh4 Bxh4 12. g3 Bg5 13. f4 Bh6 14. Be3 {[#]} f6 $146 (14... g5 $11 {remains equal.}) ({Predecessor:} 14... g5 15. Qd2 gxf4 16. Bxf4 Bxf4 17. Qxf4 Nge7 18. Bh5 Nf5 19. c3 Qe7 20. Nd2 Kd7 21. O-O-O Rg8 22. g4 Qh4 23. Qf3 Rg5 24. Rh1 {1-0 (24) Kaabi,M-Nishimura,H Luzern 1982}) 15. Bd3 (15. Qd3 $16) 15... fxe5 $1 $11 16. Bxg6+ Kd7 {Hoping for ...exf4.} 17. dxe5 Nxe5 18. Bh5 Nc4 19. Bd4 $2 {[#] Loses the game.} (19. Bf2 $11 {and White stays safe.}) 19... Bxf4 $1 $19 {[%mdl 512]} 20. Qg4 (20. Qf3 $142 Be5 21. Bxe5 Nxe5 22. Qf4) (20. gxf4 Qh4+) 20... Bg5 21. Nc3 $2 (21. Na3 Nh6 22. Qe2 Nxa3 23. bxa3) 21... Nh6 22. Qh3 (22. Be8+ {keeps fighting.} Kxe8 23. Qxe6+ Qe7 24. Qxe7+ Kxe7 25. Nxd5+ Kd6 26. Nf4) 22... Nf5 23. Bf2 $2 (23. Rd1 Nxb2 24. Ne4 Nxd1 25. Nc5+ Ke7 26. Bg6) 23... Bd2+ 24. Kf1 Qg5 25. Ne2 Rh8 {[%cal Ba8h8,Bh8h5,Bh5h4,Bh4g4][%mdl 32]} 26. g4 Nfe3+ 27. Kg1 Ne5 {[%cal Re3g4]} 28. Qg3 Rxh5 29. Nf4 {[#]} Rh4 $1 {[%mdl 512] Black mates.} 30. Nd3 (30. Qxh4 Nf3+) 30... Rxg4 31. Nxe5+ Qxe5 {[%mdl 64] Pin. Accuracy: White = 31%, Black = 68%.} 0-1

[Event "70th RUS-ch Women Higher League 2020"]
[Site "Sochi"]
[Date "2020.10.08"]
[Round "1.8"]
[White "Bykova, Anastasia"]
[Black "Vasilevich, Tatjana"]
[Result "1/2-1/2"]
[WhiteElo "2215"]
[BlackElo "2360"]
[Annotator "TA"]
[PlyCount "49"]
[EventDate "2020.10.08"]
[EventType "swiss"]
[EventCountry "RUS"]
[SourceTitle "playchess.com"]
[Source "ChessBase"]
[SourceQuality "1"]

{[%evp 15,49,52,66,27,45,0,0,0,0,-4,9,0,2,0,0,0,0,1,0,0,22,0,0,0,0,0,18,10,45,14,9,0,51,0,12,0]} 1. d4 Nf6 2. c4 e6 3. Nf3 c5 4. d5 b5 5. Bg5 exd5 6. cxd5 d6 7. e4 a6 8. a4 Be7 9. axb5 {Threatens to win with Nc3. E10: Blumenfeld Gambit.} Nxe4 10. Bxe7 (10. Bc1 {is more complex.} O-O 11. Bd3 f5 12. O-O Bb7 13. Nc3) 10... Qxe7 11. Be2 O-O 12. O-O Qb7 (12... Nf6 {feels hotter.} 13. Nc3 Bb7 14. Qd2 axb5 15. Rxa8 Bxa8 16. Bxb5 Nbd7) 13. Nc3 Nxc3 $1 14. bxc3 axb5 15. Rxa8 Qxa8 16. Bxb5 {[#]} Qa5 $146 ({Predecessor:} 16... Nd7 17. Qb3 Qa5 18. c4 Qd8 19. h3 Qf6 20. Re1 Rd8 21. Nd2 Qf4 22. Qc3 Qf6 {1-0 (103) Navrotescu,C (2439)-Ahmed,E (2363) Tanta 2000}) 17. c4 Bd7 18. Qa1 Qc7 19. Rb1 h6 20. h3 Re8 21. Qa4 Kh7 22. Qc2+ Kg8 23. Qa4 Kh7 24. Qc2+ Kg8 25. Qa4 {Accuracy: White = 70%, Black = 91%.} 1/2-1/2